LEADER 01088nam0-22003611i-450- 001 990003032530403321 010 $a88-204-2275-1 035 $a000303253 035 $aFED01000303253 035 $a(Aleph)000303253FED01 035 $a000303253 100 $a20000920d1987----km-y0itay50------ba 101 0 $aita 102 $aIT 200 1 $aComunicazione e disagio sociale$eLa relazione psicopedagogica nel rapporto operatore utente nei servizi socio sanitario educativi$fa cura di Sergio Marsicano$gpresentazione di Enzo Morpurgo. 210 $aMilano$cFranco Angeli$d1987. 215 $a614 p.$d20 cm 225 1 $aPsicologia$eStrumenti 610 0 $aAssistenti sociali 610 0 $aAssistenza sanitaria 610 0 $aSociologia dell'educazione 676 $a13720 676 $a13910 676 $a20440 702 1$aMarsicano,$bSergio 801 0$aIT$bUNINA$gRICA$2UNIMARC 901 $aBK 912 $a990003032530403321 952 $a20440 COM$b5889$fSES 959 $aSES 996 $aComunicazione e disagio sociale$9463480 997 $aUNINA DB $aING01 LEADER 00879nam a22002531i 4500 001 991000890339707536 005 20040209180635.0 008 040220s1979 it |||||||||||||||||ita 035 $ab12685793-39ule_inst 035 $aARCHE-068413$9ExL 040 $aDip.to Scienze pedagogiche$bita$cA.t.i. Arché s.c.r.l. Pandora Sicilia s.r.l. 082 04$a150.195 100 1 $aLai, Giampaolo$0125445 245 10$aDue errori di Freud /$cGiampaolo Lai 260 $aTorino :$bBoringhieri,$c[1979] 300 $a160 p. ;$c22 cm 440 0$aSaggi 650 4$aPsicanalisi 907 $a.b12685793$b02-04-14$c17-03-04 912 $a991000890339707536 945 $aLE022 MP 130 F 27$g1$i2022000101080$lle022$o-$pE0.00$q-$rl$s- $t0$u0$v0$w0$x0$y.i13197046$z17-03-04 996 $aDue errori di Freud$9271552 997 $aUNISALENTO 998 $ale022$b17-03-04$cm$da $e-$fita$git $h0$i1